| 000 | 00618nam a22001937a 4500 | ||
|---|---|---|---|
| 999 |
_c158469 _d158469 |
||
| 005 | 20181030125258.0 | ||
| 010 | _aENG-124411 | ||
| 020 |
_a9788123020792 _c55.00 |
||
| 035 | _aEN-107943 | ||
| 037 | _bDBAD/PUB | ||
| 082 | _a954 | ||
| 245 |
_aIndia government and economic life in ancient and medieval periods / / _ced. by Roma Chatterjee |
||
| 250 | _a5th reprint ed. | ||
| 260 |
_aNew Delhi _bPublications Division _c2016 |
||
| 270 |
_aSoochna Bhawan, CGO Complex, Lodhi Road. _bNew Delhi _e10003 |
||
| 300 |
_a94p. _c21cm.(pbk) |
||
| 700 | _a Chatterjee, Roma | ||
| 942 |
_2ddc _cEN _h954 _mIND |
||